What every family should know about the law in South Africa : a practical guide (Record no. 240221)

MARC details
000 -LEADER
fixed length control field 00342nam a2200097Ia 4500
082 ## - DEWEY DECIMAL CLASSIFICATION NUMBER
Classification number 349.68 MURR
008 - FIXED-LENGTH DATA ELEMENTS--GENERAL INFORMATION
fixed length control field 210817s9999 xx 000 0 und d
100 ## - MAIN ENTRY--PERSONAL NAME
Personal name MURRAY, James Gardenview, [South Africa], 2002 5th rev. ed
9 (RLIN) 68178
245 #0 - TITLE STATEMENT
Title What every family should know about the law in South Africa : a practical guide
942 ## - ADDED ENTRY ELEMENTS
item type Books
Holdings
Withdrawn status Lost status Damaged status Not for loan Home library Current library Date acquired Cost, normal purchase price Total Checkouts Barcode Date last seen Price effective from item type
        Evander Evander 18.08.2021 176.00   33228019046968 18.08.2021 18.08.2021 Books